K problému určovania sociálnej prognózy páchateľov

Bibliographic Details
Main Author: Kováčiková, Milena (Author)
Format: Article
Language:Slovak
PhysicalDescription:Lit. 9 zázn. v slov., češ., ruš., angl., franc., nem.
Subjects:

MARC

LEADER 00000nab a2200000 a 4500
001 vtls000205704
003 SK-MaSNL
005 20260304061657.0
008 250422c1984 xo 0 slo
015 |a SNBRB19rr/mm-uuuuu 
035 |a CL0215817 
035 |a urn:nbn:sk:snk-abd08a 
035 |a (urnnbn)urn:nbn:sk:snk:ar-007dgg 
035 |a (uuid)11019aea-85e9-4f5e-8096-e247b8c1adc6 
040 |a SNKBUCL  |b slo  |c SNKBUCL  |e AACR2 
041 0 |a slo 
044 |a xo  |c SK 
080 |a 343.91  |2 1981 
100 1 |a Kováčiková, Milena  |4 aut  |9 971834 
245 1 0 |a K problému určovania sociálnej prognózy páchateľov  |c Milena Kováčiková 
300 |b Lit. 9 zázn. v slov., češ., ruš., angl., franc., nem. 
650 0 7 |a trestné činy  |2 snkbucl  |9 2181 
655 7 |a články z novín a časopisov  |2 snkbucl  |9 267496 
773 0 |t Socialistické súdnictvo  |g Roč. 36, č. 12 (1984), s. 17-20 a 29-31 
850 |a Slovenská národná knižnica 
852 |a Slovenská národná knižnica 
954 |a odborná, vedecká literatúra pôvodná (slovenská)  |2 lita 
958 |a article17 
958 |a NB 
958 |a RK 
958 |a OND 
958 |a EUIPO 
992 |a RBX 
999 |c 2734321  |d 2736251